Historia Zeitschrift für alte Geschichte.

Detalles Bibliográficos
Formato: Electrónico Revista
Lenguaje:inglés
francés
alemán
italiano
Publicado: Wiesbaden : Franz Steiner Verlag, 1950-
Stuttgart : F. Steiner
Materias:
Acceso en línea:Full text available from Research Library: 01/01/2008 to 2 years ago

MARC

LEADER 00000nas a2200000 a 4500
001 ssj0050703
003 WaSeSS
005 20200512172242.0
006 m d
007 cr n
008 060427c19509999gw qr pss 0 0eng c
010 |a  2008236251 
022 |a 2365-3108  |l 0018-2311  |y 0018-2311 
035 |a (WaSeSS)ssj0050703 
040 |a OCLCS  |b eng  |c OCLCS  |d OCLCS  |d EYM  |d HLS  |d OCLCQ  |d OCLCF  |d OCLCO  |d OCLCQ  |d GILDS  |d OCLCO  |d IUL  |d VT2  |d CEF  |d OCLCO  |d WaSeSS 
041 0 |a eng  |a fre  |a ger  |a ita 
042 |a pcc 
050 4 |a D51  |b .H5 
130 0 |a Historia (Wiesbaden, Germany : Online) 
222 0 |a Historia  |b (Stuttgart. Internet) 
245 1 0 |a Historia  |h [electronic resource] :  |b Zeitschrift für alte Geschichte. 
260 |a Wiesbaden :  |b Franz Steiner Verlag,  |c 1950- 
260 3 |3 1984- :  |a Stuttgart :  |b F. Steiner 
310 |a Quarterly 
362 0 |a Bd. 1, Heft 1 (1950)- 
500 |a Title from volume title page (JSTOR, viewed Aug. 15, 2008). 
506 |a License restrictions may limit access. 
515 |a Suspended 1951-1952. 
546 |a English, German, French, and Italian. 
588 |a Latest issue consulted: Bd. 52, Heft 4 (2003) (JSTOR, viewed Aug. 15, 2008). 
650 0 |a History, Ancient  |v Periodicals. 
650 7 |a History, Ancient.  |2 fast  |0 (OCoLC)fst00958352 
650 1 7 |a Klassieke oudheid.  |2 gtt 
655 0 |a Electronic journals. 
770 0 |t Historia (Wiesbaden, Germany). Einzelschriften  |w (OCoLC)644273420 
776 0 8 |i Print version:  |t Historia (Wiesbaden, Germany)  |x 0018-2311  |w (DLC) 53031306  |w (OCoLC)1752100 
856 4 0 |z Full text available from Research Library: 01/01/2008 to 2 years ago  |u https://search.proquest.com/publication/45028